000 01216nam a2200337 i 4500
003 EG-GICUC
005 20260121101737.0
008 260118s1981 ua ||||fr|||| 00| 0 ara d
017 _a1981/2117
020 _a977-7341-80-6
040 _a EG-GICUC
_bara
_c EG-GICUC
_d EG-GICUC
_erda
041 0 _aara
082 0 4 _221
_a345.68
_b ح س . ن
092 0 4 _221
099 _aLaw1 07 345.68 ح س . ن 1981
100 0 _aحسني درويش عبد الحميد
_eمؤلف.
245 1 0 _aنهاية القرار الإدارى عن غير طريق القضاء/
_cتأليف حسني درويش عبد الحميد
264 _aالقاهرة:
_bدار الفكر العربي ،
_c1981.
300 _a699؛صفحة
_c24 سم
336 _2rda content
_atext
337 _2rda media
_aComputer
338 _2rda carrier
_aOnline Resource
504 _aيشتمل على إرجاعات ببليوجرافية.
546 _aالنص باللغة العربية
650 1 _aالقانون الإداري
_2qrmak
650 1 _aنهاية القرارت الإدارية
651 1 _2qrmak
856 4 0 _uhttps://fll.law.cu.edu.eg/fulltext/bks/B07-02359.pdf
905 _a74
942 _2ddc
_n0
_cBK
_e21
999 _c57605
_d57605